Top 15 des pays avec les décès de Covid-19 - 9 juin - Statistiques

Statistiques générales
  • Ce quiz a été pris 42 fois
  • Le résultat moyen est 13 sur 20
Statistiques - réponses
pays % Correct
France
97%
Etats-Unis
91%
Russie
85%
Espagne
82%
Inde
82%
Italie
82%
Royaume-Uni
82%
Allemagne
79%
Portugal
79%
Brésil
76%
Canada
67%
Mexique
64%
Suisse
64%
Belgique
58%
Suède
58%
Pays-Bas
52%
Irlande
45%
Iran
24%
Pérou
21%
Équateur
12%
Aucun quiz correspondant
Distribution des résultats
% des personnes avec chaque résultat
Percentile par nombre de réponses
Votre historique - résultats
Vous n’avez pas pris ce quiz